Loading...
| History - Other History | 0 | 3 | 1 | 2 | 25 | 88 | 118.00 | 0 | 3 |
| History - European History | 0 | 4 | 3 | 2 | 25 | 94 | 119.25 | 1 | 4 |
| History - World History | 0 | 2 | 0 | 1 | 20 | 84 | 85.00 | 1 | 2 |
| History - American History | 0 | 2 | 0 | 0 | 20 | 85 | 87.50 | 2 | 2 |
| Fine Arts - Painting and Sculpture | 0 | 2 | 1 | 0 | 15 | 78 | 97.50 | 1 | 2 |
| Other Academic | 0 | 1 | 0 | 0 | 10 | 108 | 108.00 | 1 | 1 |
| Geography | 0 | 1 | 0 | 0 | 10 | 60 | 60.00 | 1 | 1 |
| Science - Biology | 0 | 1 | 0 | 0 | 10 | 98 | 98.00 | 0 | 1 |
| Literature - World Literature | 0 | 1 | 0 | 0 | 10 | 132 | 132.00 | 1 | 1 |
| Mythology | 0 | 1 | 0 | 1 | 10 | 132 | 132.00 | 0 | 1 |
| Literature - British Literature | 0 | 1 | 1 | 0 | 5 | 94 | 94.00 | 1 | 1 |
| Fine Arts - Classical Music | 0 | 0 | 0 | 0 | 0 | 0.00 | 0 | 0 | |
| Science - Physics | 0 | 0 | 1 | 0 | -5 | 0.00 | 0 | 0 |